000
00303nam a22001337a 4500
008
210311b ||||| |||| 00| 0 eng d
041
_a
eng
080
_2
2nd
_a
61
082
_2
2nd
_a
61
100
_a
3
101
_a
SHM
245
_a
Physiologic Principles of Surgery
_c
Zimmerman,M.L
942
_2
udc
_c
BK
999
_c
56368
_d
56368